[Event "Open Bjelovar"]
[Site "Bjelovar"]
[Date "2018.08.02"]
[Round "1.1"]
[White "Lovrinic, Vlatko"]
[Black "Sale, Srdjan"]
[Result "0-1"]
[WhiteElo "1717"]
[BlackElo "2427"]
[PlyCount "124"]
[EventDate "2018.??.??"]
[WhiteClock "1:30:00"]
[BlackClock "1:30:00"]

1. d4 g6 2. Bf4 Bg7 3. e3 d6 4. Nf3 Nd7 5. Bc4 Ngf6 6. h3 c5 7. c3 O-O 8. Nbd2
a6 9. O-O b5 10. Bd3 Bb7 11. Re1 e5 12. dxe5 dxe5 13. Bxe5 Nxe5 14. Nxe5 Nh5
15. Ndf3 Re8 16. Ng4 f5 17. Ngh2 f4 18. Bf1 Qc7 19. exf4 Nxf4 20. Qc2 Rf8 21.
g3 Nd5 22. Bg2 Nb6 23. Re2 Rae8 24. Rae1 Rxe2 25. Qxe2 Na4 26. Ng5 Bxg2 27.
Kxg2 Qc6+ 28. f3 Qd5 29. Qe6+ Qxe6 30. Nxe6 Re8 31. Re4 c4 32. Nxg7 Rxe4 33.
fxe4 Kxg7 34. Kf3 Nxb2 35. Ke2 Nd3 36. a3 Kf6 37. Nf3 Nc5 38. Ke3 Ne6 39. Nd4
Ng5 40. h4 Nf7 41. Nf3 Ne5 42. Nd4 h6 43. Nc2 Ke6 44. Nb4 a5 45. Nd5 Kd6 46.
Nf6 Kc5 47. Ng8 b4 48. cxb4+ axb4 49. axb4+ Kxb4 50. Nf6 c3 51. Nd5+ Kb3 52.
Nxc3 Kxc3 53. Kf4 Kd4 54. h5 gxh5 55. Kf5 Ng4 56. Kg6 Kxe4 57. Kxh5 Kf5 58. Kh4
Nf6 59. Kh3 Kg5 60. Kh2 Kg4 61. Kg2 h5 62. Kh2 Ne4 0-1

[Event "Open Bjelovar"]
[Site "Bjelovar"]
[Date "2018.08.02"]
[Round "1.2"]
[White "Srbis, Jurica"]
[Black "Ronta, Ivan"]
[Result "1-0"]
[WhiteElo "2425"]
[BlackElo "1717"]
[PlyCount "43"]
[EventDate "2018.??.??"]
[WhiteClock "1:30:00"]
[BlackClock "1:30:00"]

1. e4 d5 2. exd5 Nf6 3. Bb5+ Bd7 4. Bc4 Bg4 5. Be2 Bf5 6. c4 c6 7. Qb3 Qb6 8.
Nc3 e6 9. dxe6 Bxe6 10. Nf3 Bd6 11. O-O Qc7 12. d4 Nbd7 13. Qc2 Nf8 14. Re1 Ng6
15. d5 Bd7 16. Bd3+ Kf8 17. Bg5 Bg4 18. c5 Bf4 19. d6 Qa5 20. Bxg6 Bxg5 21.
Nxg5 hxg6 22. Qb3 1-0

[Event "Open Bjelovar"]
[Site "Bjelovar"]
[Date "2018.08.02"]
[Round "1.3"]
[White "Ivandija, Martin"]
[Black "Loncar, Robert"]
[Result "0-1"]
[WhiteElo "1704"]
[BlackElo "2425"]
[PlyCount "64"]
[EventDate "2018.??.??"]
[WhiteClock "1:30:00"]
[BlackClock "1:30:00"]

1. d4 Nf6 2. c4 e6 3. Nc3 d5 4. cxd5 exd5 5. Bg5 c6 6. e3 h6 7. Bh4 Be6 8. Bd3
Nbd7 9. Nge2 g5 10. Bg3 Nh5 11. Qc2 Nxg3 12. hxg3 h5 13. Bh7 Nf6 14. Bf5 Qd7
15. Bxe6 Qxe6 16. Rc1 O-O-O 17. a3 Kb8 18. Na4 Ne4 19. Qb3 Rh6 20. f3 Nf6 21.
Kf2 Qf5 22. Ke1 Nd7 23. g4 hxg4 24. Rxh6 Bxh6 25. Rxc6 gxf3 26. gxf3 Bf8 27.
Kf2 Nf6 28. Kg2 g4 29. Nf4 gxf3+ 30. Kxf3 Qg4+ 31. Kf2 Ne4+ 32. Ke1 Qg1+ 0-1

[Event "Open Bjelovar"]
[Site "Bjelovar"]
[Date "2018.08.02"]
[Round "1.4"]
[White "Ivekovic, Zvonimir"]
[Black "Savanovic, Maksim"]
[Result "1/2-1/2"]
[WhiteElo "2415"]
[BlackElo "1690"]
[PlyCount "48"]
[EventDate "2018.??.??"]
[WhiteClock "1:30:00"]
[BlackClock "1:30:00"]

1. e4 c6 2. d4 d5 3. Nc3 dxe4 4. Nxe4 Bf5 5. Ng3 Bg6 6. h4 h6 7. Nf3 Nd7 8. Bc4
e6 9. Qe2 Ngf6 10. h5 Bh7 11. O-O Bd6 12. Ne5 Bxe5 13. dxe5 Nd5 14. Qg4 Rg8 15.
Re1 Qc7 16. Bb3 O-O-O 17. Qa4 Kb8 18. c4 N5b6 19. Qa5 Nc8 20. Qb4 Ndb6 21. a4
c5 22. Qc3 Rd3 23. Qc2 Re3 24. Qc3 Rd3 1/2-1/2

[Event "Open Bjelovar"]
[Site "Bjelovar"]
[Date "2018.08.02"]
[Round "1.5"]
[White "Koksa, Jelena"]
[Black "Ivekovic, Bozidar"]
[Result "0-1"]
[WhiteElo "1675"]
[BlackElo "2369"]
[PlyCount "66"]
[EventDate "2018.??.??"]
[WhiteClock "1:31:00"]
[BlackClock "1:30:00"]

1. e4 c5 2. Nf3 e6 3. d4 cxd4 4. Nxd4 a6 5. Bd3 Bc5 6. Nf3 d6 7. O-O Nf6 8. c4
Nc6 9. Nc3 Nd7 10. Bf4 Nde5 11. Nxe5 dxe5 12. Bg3 O-O 13. Kh1 Bd4 14. a3 Qc7
15. Qd2 Rd8 16. Rad1 Bd7 17. Bh4 f6 18. Qe2 Ne7 19. Bg3 Bxc3 20. bxc3 Ba4 21.
Rb1 Rd7 22. Rb4 Rad8 23. Rxa4 Rxd3 24. Rb4 Nc6 25. Rb2 Na5 26. Qg4 Qxc4 27. Re1
Rxc3 28. Rbb1 b5 29. h4 Nc6 30. h5 Nd4 31. Rbd1 Rf8 32. f3 Rxa3 33. Rc1 Rc3 0-1

[Event "Open Bjelovar"]
[Site "Bjelovar"]
[Date "2018.08.02"]
[Round "1.6"]
[White "Cop, Tomislav"]
[Black "Gundic, Danijel"]
[Result "1-0"]
[WhiteElo "2340"]
[BlackElo "1662"]
[PlyCount "89"]
[EventDate "2018.??.??"]
[WhiteClock "1:30:00"]
[BlackClock "1:30:00"]

1. e4 c5 2. Nf3 e6 3. Nc3 a6 4. d4 cxd4 5. Nxd4 Qc7 6. Bd3 Nf6 7. Qe2 d6 8. f4
Be7 9. g4 Nc6 10. Nb3 b5 11. Be3 Bb7 12. O-O-O Rc8 13. Kb1 Nb4 14. g5 Nd7 15.
Rhg1 Nxd3 16. Qxd3 Qc4 17. Qxc4 Rxc4 18. Bd4 O-O 19. Na5 Rc7 20. Nxb7 Rxb7 21.
f5 exf5 22. exf5 f6 23. Nd5 Bd8 24. Nf4 Bb6 25. Ne6 Bxd4 26. Rxd4 Re8 27. Rxd6
fxg5 28. Rxg5 Nc5 29. Rg1 Nxe6 30. fxe6 Rbe7 31. Re1 a5 32. c3 Rb8 33. Kc2 g5
34. Kd3 Kg7 35. Kd4 h5 36. Kd5 Rbe8 37. b3 Kg6 38. c4 bxc4 39. bxc4 g4 40. c5
h4 41. c6 Kf5 42. Rd7 g3 43. hxg3 hxg3 44. Rxe7 Rxe7 45. Kd6 1-0

[Event "Open Bjelovar"]
[Site "Bjelovar"]
[Date "2018.08.02"]
[Round "2.1"]
[White "Sale, Srdjan"]
[Black "Radikovic, Anamarija"]
[Result "1-0"]
[WhiteElo "2427"]
[BlackElo "1921"]
[PlyCount "71"]
[EventDate "2018.??.??"]
[WhiteClock "1:28:00"]
[BlackClock "1:30:00"]

1. c4 e5 2. Nc3 Nf6 3. Nf3 Nc6 4. g3 Bc5 5. d3 d5 6. cxd5 Nxd5 7. Bg2 O-O 8.
O-O Nf6 9. Bg5 Be7 10. Rc1 Be6 11. Qa4 Qd7 12. Rfd1 h6 13. Bxf6 Bxf6 14. Ne4
Be7 15. Nc5 Bxc5 16. Rxc5 Qd6 17. Rdc1 Rfc8 18. Rxc6 bxc6 19. Rxc6 Qd5 20. Ra6
Qc5 21. Rc6 Qd5 22. Nd2 Qxa2 23. Qxa2 Bxa2 24. b3 Rab8 25. Bd5 Rb6 26. Rc5 Rcb8
27. Rxc7 Bxb3 28. Nxb3 Rxb3 29. Bxf7+ Kf8 30. Bxb3 Rxb3 31. Rxa7 Rb2 32. Kf1
Rb1+ 33. Kg2 Rb2 34. Kf3 Rd2 35. h4 Rb2 36. Ra5 1-0

[Event "Open Bjelovar"]
[Site "Bjelovar"]
[Date "2018.08.02"]
[Round "2.2"]
[White "Garac, Marijan"]
[Black "Srbis, Jurica"]
[Result "0-1"]
[WhiteElo "1869"]
[BlackElo "2425"]
[PlyCount "66"]
[EventDate "2018.??.??"]
[WhiteClock "1:30:00"]
[BlackClock "1:32:00"]

1. Nf3 Nf6 2. g3 g6 3. Bg2 Bg7 4. d4 O-O 5. O-O Nc6 6. b3 d5 7. Bb2 a5 8. a3
Ne4 9. e3 b6 10. Re1 Ba6 11. Nbd2 f5 12. Rc1 Nc5 13. Ba1 Ne4 14. c4 dxc4 15.
Nxc4 Qe8 16. Nfd2 Rd8 17. Nxe4 fxe4 18. Bxe4 Bb7 19. Qc2 b5 20. Nd2 Rd6 21. f3
Qa8 22. Kg2 Rfd8 23. Qc5 Qa6 24. Rc2 e5 25. Bd3 Rd5 26. Qc3 exd4 27. Qb2 R5d7
28. e4 Ne5 29. Bf1 d3 30. Rcc1 Nxf3 31. Qa2 Nxe1+ 32. Rxe1 Bxa1 33. Qxa1 Rf8
0-1

[Event "Open Bjelovar"]
[Site "Bjelovar"]
[Date "2018.08.02"]
[Round "2.3"]
[White "Loncar, Robert"]
[Black "Kanizaj, Benjamin"]
[Result "1-0"]
[WhiteElo "2425"]
[BlackElo "1883"]
[PlyCount "67"]
[EventDate "2018.??.??"]
[WhiteClock "1:23:00"]
[BlackClock "1:30:00"]

1. Nf3 d5 2. e3 Nf6 3. c4 e6 4. d4 c6 5. Bd3 Bd6 6. Nbd2 O-O 7. e4 dxe4 8. Nxe4
Nxe4 9. Bxe4 Nd7 10. O-O Nf6 11. Bc2 c5 12. Bg5 cxd4 13. Qd3 g6 14. Qxd4 Be7
15. Qh4 Re8 16. Rad1 Nd7 17. Ba4 a6 18. Rd2 b6 19. Rfd1 Ra7 20. h3 Rc7 21. Qg3
Ra7 22. a3 Rb7 23. b4 b5 24. Bb3 bxc4 25. Bxc4 Rc7 26. Bb3 Bxg5 27. Nxg5 h6 28.
Ne4 Re7 29. Ba4 Ra7 30. Qe3 Rc7 31. Nf6+ Kg7 32. Ng4 Qh8 33. Bxd7 Rcxd7 34.
Qe5+ 1-0

[Event "Open Bjelovar"]
[Site "Bjelovar"]
[Date "2018.08.02"]
[Round "2.4"]
[White "Ivekovic, Bozidar"]
[Black "Tomasic, Dragutin"]
[Result "1-0"]
[WhiteElo "2369"]
[BlackElo "1869"]
[PlyCount "55"]
[EventDate "2018.??.??"]
[WhiteClock "1:30:00"]
[BlackClock "1:27:00"]

1. d4 Nf6 2. c4 e6 3. Nf3 d5 4. g3 Bb4+ 5. Bd2 Be7 6. Bg2 O-O 7. O-O c6 8. Qc2
Nbd7 9. cxd5 exd5 10. Nc3 Re8 11. Rab1 Bd6 12. b4 b6 13. Rfe1 Bb7 14. Nh4 a5
15. bxa5 Rxa5 16. e4 dxe4 17. Nxe4 Rd5 18. Nxf6+ Nxf6 19. Rxe8+ Qxe8 20. Rxb6
Qa8 21. Bxd5 Nxd5 22. Rb1 Bc8 23. Nf5 Bf8 24. Ne3 Be6 25. Nxd5 Bxd5 26. Bf4 Qe8
27. Kf1 Qe6 28. Rb8 1-0

[Event "Open Bjelovar"]
[Site "Bjelovar"]
[Date "2018.08.02"]
[Round "2.5"]
[White "Ivanek, Davor"]
[Black "Cop, Tomislav"]
[Result "0-1"]
[WhiteElo "1801"]
[BlackElo "2340"]
[PlyCount "108"]
[EventDate "2018.??.??"]
[WhiteClock "1:30:00"]
[BlackClock "1:31:00"]

1. e4 c6 2. d4 d5 3. exd5 cxd5 4. Nf3 Nc6 5. a3 Bg4 6. Be2 e6 7. O-O Bd6 8. Be3
Nge7 9. h3 Bh5 10. Qd2 Qc7 11. Nc3 a6 12. b4 O-O 13. Rfb1 Rfc8 14. Nd1 Nb8 15.
c3 Nd7 16. Ne1 Bxe2 17. Qxe2 Nb6 18. a4 Nf5 19. a5 Nc4 20. Nd3 Ncxe3 21. fxe3
Bh2+ 22. Kf2 Qg3+ 23. Kf1 Rxc3 24. Rc1 Qg6 25. Rxc3 Ng3+ 26. Ke1 Nxe2 27. Kxe2
Qxg2+ 28. N1f2 h5 29. Ne1 Qg3 30. Nf3 Qd6 31. Nd3 Bg3 32. Rac1 f6 33. h4 Qd7
34. Nc5 Qe8 35. Nd3 Bd6 36. Nc5 Rc8 37. Kf2 Qg6 38. Rg1 Qf5 39. Ke2 Rc7 40.
Rcc1 Bxc5 41. bxc5 Rf7 42. Rc3 e5 43. Rcc1 e4 44. Nd2 Qh3 45. Rcf1 Qxh4 46. Rf2
f5 47. Nf1 f4 48. Rh2 Qf6 49. Rf2 f3+ 50. Kd1 Qd8 51. Ra2 Qd7 52. Rg5 Qb5 53.
Rf2 Qb1+ 54. Kd2 Qb2+ 0-1

[Event "Open Bjelovar"]
[Site "Bjelovar"]
[Date "2018.08.02"]
[Round "2.6"]
[White "Doric, Nenad"]
[Black "Fucek, Gordan"]
[Result "1-0"]
[WhiteElo "2253"]
[BlackElo "1816"]
[PlyCount "45"]
[EventDate "2018.??.??"]
[WhiteClock "1:30:00"]
[BlackClock "1:31:00"]

1. e4 c5 2. Nf3 d6 3. d4 cxd4 4. Qxd4 a6 5. Be3 Nc6 6. Qb6 Qxb6 7. Bxb6 Nf6 8.
Nc3 e6 9. O-O-O Be7 10. Nd2 Nd7 11. Bc7 Nce5 12. Be2 b5 13. Nb3 Bb7 14. Na5 b4
15. Nxb7 bxc3 16. Nxd6+ Bxd6 17. Bxd6 cxb2+ 18. Kb1 f6 19. f4 Nc6 20. Ba3 Ra7
21. Rd6 Nd8 22. Rhd1 e5 23. Bg4 1-0

[Event "Open Bjelovar"]
[Site "Bjelovar"]
[Date "2018.08.03"]
[Round "3.1"]
[White "Cop, Tomislav"]
[Black "Sale, Srdjan"]
[Result "1-0"]
[WhiteElo "2340"]
[BlackElo "2427"]
[PlyCount "101"]
[EventDate "2018.??.??"]

1. e4 c5 2. Nf3 e6 3. d4 cxd4 4. Nxd4 a6 5. Nc3 Qc7 6. Bd3 Nf6 7. f4 d6 8. Qe2
Nbd7 9. g4 Nc5 10. g5 Nfd7 11. Bd2 g6 12. O-O-O Bg7 13. Qe3 Nxd3+ 14. cxd3 Qc5
15. Nb3 Qxe3 16. Bxe3 b6 17. Kb1 Bb7 18. Rhe1 h6 19. h4 hxg5 20. hxg5 Rh3 21.
f5 Bxc3 22. bxc3 Rc8 23. Kb2 Ne5 24. fxe6 fxe6 25. Kc2 b5 26. Bd4 Nf7 27. Bf6
e5 28. Rh1 Rxh1 29. Rxh1 b4 30. c4 Rxc4+ 31. Kd2 Rc7 32. Rh7 Rc3 33. Rg7 Bc6
34. Rxg6 Bb5 35. Nc1 Kd7 36. Rg8 Rc8 37. Rg7 Ke6 38. d4 exd4 39. Nb3 Rc4 40.
Nxd4+ Rxd4+ 41. Bxd4 Bc4 42. Rg8 Bxa2 43. Bf6 Bc4 44. Rb8 Kd7 45. Rxb4 Bb5 46.
Ke3 Ke6 47. Kd4 Nh6 48. gxh6 Kxf6 49. Kd5 Kg6 50. Kxd6 Kxh6 51. e5 1-0

[Event "Open Bjelovar"]
[Site "Bjelovar"]
[Date "2018.08.03"]
[Round "3.2"]
[White "Srbis, Jurica"]
[Black "Doric, Nenad"]
[Result "1-0"]
[WhiteElo "2425"]
[BlackElo "2253"]
[PlyCount "65"]
[EventDate "2018.??.??"]

1. d4 Nf6 2. Nc3 d5 3. Bg5 Nbd7 4. e3 g6 5. f4 Bg7 6. Nf3 c6 7. Bd3 O-O 8. O-O
Ne8 9. f5 Nd6 10. fxg6 hxg6 11. Qe1 Nf6 12. Qh4 Nf5 13. Bxf5 Bxf5 14. Ne5 Qc8
15. Rf3 Nd7 16. Bxe7 Re8 17. Nd3 f6 18. Bd6 Nf8 19. Bxf8 Kxf8 20. Raf1 Kg8 21.
Qg3 Bg4 22. Rf4 Bf5 23. R4f2 Qe6 24. Rf3 Qf7 25. h4 Re7 26. Nf4 Bxc2 27. R3f2
Bf5 28. h5 Kh7 29. hxg6+ Bxg6 30. Qh4+ Kg8 31. Rf3 Bh7 32. Rg3 Rf8 33. Kf2 1-0

[Event "Open Bjelovar"]
[Site "Bjelovar"]
[Date "2018.08.03"]
[Round "3.3"]
[White "Pasztor, Ferenc"]
[Black "Loncar, Robert"]
[Result "1-0"]
[WhiteElo "2224"]
[BlackElo "2425"]
[PlyCount "115"]
[EventDate "2018.??.??"]

1. d4 Nf6 2. Nf3 d5 3. c4 e6 4. Nc3 dxc4 5. g3 a6 6. a4 c5 7. e3 Nc6 8. Bxc4
cxd4 9. exd4 b6 10. O-O Bb7 11. Be3 Be7 12. Rc1 O-O 13. h3 Nb4 14. Be2 Nbd5 15.
Ne5 Nxe3 16. fxe3 Bd6 17. Bf3 Bxf3 18. Qxf3 Bxe5 19. dxe5 Nd7 20. Qh5 Qb8 21.
Rf4 Qxe5 22. Qf3 Nc5 23. Rf1 Ra7 24. Rd4 Rd7 25. Rfd1 Qc7 26. b4 Rxd4 27. exd4
Nd7 28. d5 Ne5 29. Qe3 Nc4 30. Qf4 e5 31. d6 Qc8 32. Qf3 Qd7 33. Ne4 Qxa4 34.
d7 Rd8 35. Ng5 h6 36. Qxf7+ Kh8 37. Qh5 Kg8 38. Ne6 Qc2 39. Qe8+ Kh7 40. Nf8+
Kg8 41. Rf1 Ne3 42. Qf7+ Kh8 43. Rf2 Qc1+ 44. Kh2 Qe1 45. Qf3 e4 46. Qf7 Nd1
47. Ng6+ Kh7 48. Nf8+ Kh8 49. Rf1 Qd2+ 50. Kh1 Ne3 51. Rf2 Qe1+ 52. Kh2 Nd1 53.
Rg2 Ne3 54. h4 Ng4+ 55. Kh3 Ne5 56. Qf5 Qh1+ 57. Rh2 Qf3 58. Qh7# 1-0

[Event "Open Bjelovar"]
[Site "Bjelovar"]
[Date "2018.08.03"]
[Round "3.4"]
[White "Kosztolanczi, Gyula"]
[Black "Ivekovic, Bozidar"]
[Result "0-1"]
[WhiteElo "2178"]
[BlackElo "2369"]
[PlyCount "100"]
[EventDate "2018.??.??"]

1. e4 c5 2. Nf3 e6 3. d4 cxd4 4. Nxd4 a6 5. Bd3 Bc5 6. Nb3 Be7 7. O-O Qc7 8.
Nc3 d6 9. f4 Nd7 10. Qf3 Ngf6 11. Bd2 b5 12. Rae1 Bb7 13. Qg3 b4 14. Nd1 g6 15.
Nf2 a5 16. Nd4 e5 17. fxe5 dxe5 18. Nb5 Qb8 19. Bh6 Bc6 20. a4 bxa3 21. bxa3
Bf8 22. Bxf8 Kxf8 23. a4 Kg7 24. Ng4 Nxg4 25. Qxg4 Qb6+ 26. Kh1 Qc5 27. Re2
Rac8 28. Ref2 Rhf8 29. Qe2 f6 30. Qd2 Qb6 31. Rb1 Nc5 32. Nc3 Qd8 33. Nd5 Bxd5
34. exd5 Qxd5 35. Qxa5 Qd4 36. Rff1 Qxa4 37. Rb7+ Rf7 38. Rxf7+ Kxf7 39. Qc3
Qd4 40. Bc4+ Kg7 41. Qb4 e4 42. c3 Qe5 43. Re1 e3 44. Be2 Rd8 45. Qa5 Rd2 46.
Qa7+ Kh6 47. Qf7 Qd6 48. Qc4 Qd5 49. Qh4+ Kg7 50. Bc4 Qxg2# 0-1

[Event "Open Bjelovar"]
[Site "Bjelovar"]
[Date "2018.08.03"]
[Round "3.5"]
[White "Mezak, Damir"]
[Black "Kovacevic, Veljko"]
[Result "0-1"]
[WhiteElo "1722"]
[BlackElo "2178"]
[PlyCount "74"]
[EventDate "2018.??.??"]

1. e4 c5 2. Nc3 Nc6 3. Nge2 e5 4. Nd5 g6 5. d3 Bg7 6. c3 d6 7. Be3 Nge7 8. c4
O-O 9. Nxe7+ Nxe7 10. Qd2 f5 11. exf5 Nxf5 12. Bg5 Qe8 13. Ng3 Bd7 14. Be2 Bc6
15. O-O Nd4 16. Rae1 Qd7 17. h3 d5 18. Bg4 Qd6 19. cxd5 Qxd5 20. Ne4 h5 21. Bd1
Rae8 22. Bh6 Rf5 23. Bxg7 Kxg7 24. f3 Ref8 25. Ng3 Rf4 26. Re4 Qd6 27. Rxf4
exf4 28. Ne2 Nxe2+ 29. Qxe2 Re8 30. Qd2 Qd4+ 31. Kh1 Re3 32. Bc2 Qxb2 33. Rb1
Qd4 34. Qa5 Rxf3 35. Qc7+ Kh6 36. Kh2 Rxh3+ 37. Kxh3 Qe3+ 0-1

[Event "Open Bjelovar"]
[Site "Bjelovar"]
[Date "2018.08.03"]
[Round "4.2"]
[White "Ivekovic, Bozidar"]
[Black "Pasztor, Ferenc"]
[Result "1/2-1/2"]
[WhiteElo "2369"]
[BlackElo "2224"]
[PlyCount "30"]
[EventDate "2018.??.??"]
[WhiteClock "1:30:00"]
[BlackClock "1:30:00"]

1. d4 Nf6 2. c4 e6 3. Nf3 b6 4. g3 Ba6 5. Qa4 Be7 6. Bg2 O-O 7. Nc3 Bb7 8. O-O
Ne4 9. Qc2 Nxc3 10. Qxc3 Be4 11. Bf4 c6 12. Rac1 Na6 13. a3 Rc8 14. Qe3 d5 15.
cxd5 Qxd5 1/2-1/2

[Event "Open Bjelovar"]
[Site "Bjelovar"]
[Date "2018.08.03"]
[Round "4.3"]
[White "Kovacevic, Veljko"]
[Black "Ivekovic, Zvonimir"]
[Result "0-1"]
[WhiteElo "2178"]
[BlackElo "2415"]
[PlyCount "80"]
[EventDate "2018.??.??"]
[WhiteClock "1:27:00"]
[BlackClock "1:30:00"]

1. c4 Nf6 2. Nc3 e6 3. Nf3 b6 4. g3 Bb7 5. Bg2 Be7 6. O-O O-O 7. d4 d5 8. Ne5
Nbd7 9. Qa4 c6 10. cxd5 cxd5 11. Nc6 Bxc6 12. Qxc6 Rc8 13. Qb7 Rc7 14. Qa6 Nb8
15. Qd3 a6 16. Bd2 b5 17. a3 Nc6 18. Na2 Qd7 19. Nb4 Nxb4 20. axb4 Rc4 21. Rxa6
Ne4 22. b3 Nxd2 23. bxc4 Nxf1 24. c5 Nxg3 25. hxg3 Rb8 26. Qa3 h5 27. Ra7 Rb7
28. Ra8+ Kh7 29. e4 g6 30. exd5 exd5 31. Qa6 Rc7 32. Rb8 h4 33. Qxb5 Qf5 34. c6
Ra7 35. Qxd5 Ra1+ 36. Kh2 Qxf2 37. Qf3 hxg3+ 38. Kh3 Rh1+ 39. Bxh1 Qh2+ 40. Kg4
Qh4# 0-1

[Event "Open Bjelovar"]
[Site "Bjelovar"]
[Date "2018.08.03"]
[Round "4.5"]
[White "Sale, Srdjan"]
[Black "Mezak, Damir"]
[Result "1-0"]
[WhiteElo "2427"]
[BlackElo "1722"]
[PlyCount "50"]
[EventDate "2018.??.??"]
[WhiteClock "1:30:00"]
[BlackClock "1:30:00"]

1. e4 c6 2. c4 d5 3. exd5 cxd5 4. cxd5 Qxd5 5. Nc3 Qd8 6. d4 g6 7. Nf3 Bg7 8.
Bc4 e6 9. O-O Ne7 10. Bg5 h6 11. Bxe7 Qxe7 12. d5 O-O 13. Re1 Qc5 14. Qb3 Bxc3
15. bxc3 b5 16. Qxb5 Qxb5 17. Bxb5 exd5 18. Re7 a5 19. Rd1 Rd8 20. Ne5 Ba6 21.
Ba4 Be2 22. Rd2 Bh5 23. g4 f6 24. Nf7 Kf8 25. Rb7 Na6 1-0

[Event "Open Bjelovar"]
[Site "Bjelovar"]
[Date "2018.08.03"]
[Round "4.6"]
[White "Loncar, Robert"]
[Black "Ronta, Ivan"]
[Result "1-0"]
[WhiteElo "2225"]
[BlackElo "1717"]
[PlyCount "85"]
[EventDate "2018.??.??"]
[WhiteClock "1:24:00"]
[BlackClock "1:30:00"]

1. d4 Nf6 2. c4 g6 3. Nc3 d5 4. Nf3 Bg7 5. e3 O-O 6. cxd5 Nxd5 7. Bc4 Nxc3 8.
bxc3 c5 9. O-O e6 10. Ba3 Re8 11. Bxc5 b6 12. Ba3 Qc7 13. Bb5 Rd8 14. Rc1 Bb7
15. Qe2 a6 16. Bd3 Nc6 17. c4 Re8 18. d5 Ne5 19. Nxe5 Bxe5 20. g3 Qd7 21. e4
Qa4 22. Bb2 Bd6 23. Qc2 Qxc2 24. Rxc2 e5 25. Rb1 f5 26. Bc1 Bc5 27. Be3 Bc8 28.
Bxc5 bxc5 29. Rcb2 Kf7 30. Rb6 fxe4 31. Bxe4 Bf5 32. Rb7+ Kf6 33. R1b6+ Kg5 34.
f3 Bxe4 35. h4+ Kh6 36. fxe4 Kh5 37. Rxh7+ Kg4 38. Kg2 g5 39. Rg6 Rg8 40. Rhg7
Rxg7 41. Rxg7 Rg8 42. Rxg8 a5 43. Rxg5# 1-0

[Event "Open Bjelovar"]
[Site "Bjelovar"]
[Date "2018.08.04"]
[Round "5.1"]
[White "Srbis, Jurica"]
[Black "Ivekovic, Bozidar"]
[Result "1/2-1/2"]
[WhiteElo "2425"]
[BlackElo "2369"]
[PlyCount "67"]
[EventDate "2018.??.??"]
[WhiteClock "1:30:00"]
[BlackClock "1:30:00"]

1. e4 c5 2. Nf3 e6 3. c3 d5 4. exd5 Qxd5 5. d4 Nf6 6. Na3 cxd4 7. Nb5 Na6 8.
Nbxd4 Be7 9. Bb5+ Bd7 10. Qe2 Bxb5 11. Nxb5 O-O 12. O-O Qe4 13. Be3 Nd5 14. Nd2
Qc2 15. Bd4 Nc5 16. c4 Nf6 17. Qe3 b6 18. Rac1 Qf5 19. Bc3 Qd3 20. Qe5 Na4 21.
Nf3 Nxc3 22. Rxc3 Qd7 23. Qe2 Qb7 24. Rd1 a6 25. Nbd4 b5 26. cxb5 axb5 27. Nxe6
fxe6 28. Qxe6+ Kh8 29. Ne5 Ra6 30. Nf7+ Kg8 31. Nd6+ Kh8 32. Nf7+ Kg8 33. Nh6+
Kh8 34. Nf7+ 1/2-1/2

[Event "Open Bjelovar"]
[Site "Bjelovar"]
[Date "2018.08.04"]
[Round "5.2"]
[White "Ivekovic, Zvonimir"]
[Black "Cop, Tomislav"]
[Result "1-0"]
[WhiteElo "2415"]
[BlackElo "2340"]
[PlyCount "79"]
[EventDate "2018.??.??"]
[WhiteClock "1:30:00"]
[BlackClock "1:30:00"]

1. e4 c6 2. Nc3 d5 3. Nf3 Bg4 4. d4 e6 5. h3 Bxf3 6. gxf3 Qb6 7. Qd3 Ne7 8. Bd2
Nd7 9. O-O-O O-O-O 10. h4 h5 11. Bf4 Ng6 12. Bg3 Qa5 13. Bh3 Nb6 14. exd5 cxd5
15. Bxe6+ fxe6 16. Qxg6 Rh6 17. Qf7 Nd7 18. Rd3 Rf6 19. Qxh5 Rf5 20. Qg6 Rf6
21. Qg4 Nb6 22. Be5 Rf5 23. Qg6 Kd7 24. Bxg7 Nc4 25. Re1 Re8 26. Bxf8 Rfxf8 27.
Rg1 Re7 28. h5 b5 29. Qh6 Rff7 30. Kb1 b4 31. Ne2 Rh7 32. Qg5 Reg7 33. Qxg7+
Rxg7 34. Rxg7+ Kd6 35. Rg1 Qd8 36. Rh1 Qh8 37. h6 Qh7 38. Nf4 a5 39. Ng6 a4 40.
Nf8 1-0

[Event "Open Bjelovar"]
[Site "Bjelovar"]
[Date "2018.08.04"]
[Round "5.3"]
[White "Pasztor, Ferenc"]
[Black "Sale, Srdjan"]
[Result "0-1"]
[WhiteElo "2224"]
[BlackElo "2427"]
[PlyCount "76"]
[EventDate "2018.??.??"]
[WhiteClock "1:30:00"]
[BlackClock "1:30:00"]

1. d4 Nf6 2. c4 g6 3. Nc3 Bg7 4. e4 d6 5. Be2 O-O 6. Nf3 Na6 7. h3 e5 8. d5 Nc5
9. Nd2 a5 10. Qc2 a4 11. Rb1 Bh6 12. b4 axb3 13. Nxb3 Bxc1 14. Nxc5 dxc5 15.
Qxc1 Ne8 16. h4 Nd6 17. h5 g5 18. g4 h6 19. f3 Bd7 20. Qe3 b6 21. O-O Kg7 22.
Kg2 Qf6 23. Rb2 Rfe8 24. Bd3 Qf4 25. Qxf4 exf4 26. Kf2 Kf6 27. Ke2 Ke5 28. Kd2
Ra5 29. Rc1 Rea8 30. Rcc2 Ra3 31. Rc1 Bc8 32. Rcc2 Ba6 33. Ne2 Ra4 34. Nc3 Rxc4
35. Bxc4 Nxc4+ 36. Kc1 Nxb2 37. Kxb2 Kd4 38. Nd1 Bd3 0-1

[Event "Open Bjelovar"]
[Site "Bjelovar"]
[Date "2018.08.04"]
[Round "5.4"]
[White "Marton, Jozsef"]
[Black "Loncar, Robert"]
[Result "0-1"]
[WhiteElo "2066"]
[BlackElo "2425"]
[PlyCount "86"]
[EventDate "2018.??.??"]
[WhiteClock "0:01:00"]
[BlackClock "1:30:00"]

1. d4 Nf6 2. c4 e6 3. Nc3 d5 4. cxd5 exd5 5. Bf4 Bb4 6. e3 O-O 7. Bd3 c5 8.
dxc5 Qa5 9. Nge2 Bxc5 10. O-O Be6 11. a3 Qd8 12. Nb5 Nc6 13. b4 Bb6 14. Rc1 Qd7
15. Bb1 Rfc8 16. Nd6 Rd8 17. Qc2 Ne7 18. Nd4 Ng6 19. Bg3 Bxd4 20. exd4 Nh5 21.
Nf5 Rac8 22. Qd3 Nxg3 23. Nxg3 Qd6 24. Qe3 Nf4 25. Ne2 Nxe2+ 26. Qxe2 Rc4 27.
Qe3 Qb6 28. Rfd1 Rdc8 29. Rxc4 dxc4 30. d5 Qxe3 31. fxe3 Bd7 32. Bc2 Kf8 33.
Kf2 Ke7 34. Kf3 Kd6 35. Ke4 b5 36. Kd4 h6 37. Rf1 f6 38. Rf3 Re8 39. Rg3 Re7
40. Bg6 Re5 41. e4 f5 42. Bh7 Rxe4+ 43. Kc3 g5 0-1

[Event "Open Bjelovar"]
[Site "Bjelovar"]
[Date "2018.08.04"]
[Round "5.5"]
[White "Kanizaj, Benjamin"]
[Black "Doric, Nenad"]
[Result "1-0"]
[WhiteElo "1883"]
[BlackElo "2253"]
[PlyCount "83"]
[EventDate "2018.??.??"]
[WhiteClock "1:25:00"]
[BlackClock "1:30:00"]

1. e4 c5 2. Nf3 e6 3. d4 cxd4 4. Nxd4 a6 5. Nc3 Qc7 6. Be3 Nf6 7. Bd3 Bb4 8.
Nde2 Nc6 9. O-O Ne5 10. Bf4 d6 11. a3 Bc5 12. b4 Ba7 13. Na4 Bd7 14. Bxe5 dxe5
15. c4 Rd8 16. Qc2 b5 17. Nb2 bxc4 18. Rac1 O-O 19. Nxc4 Bb5 20. h3 Qb8 21. a4
Rc8 22. Qb3 Bxc4 23. Rxc4 Rfd8 24. Rxc8 Qxc8 25. Rc1 Qb7 26. Qc4 Qb6 27. Qxa6
Qxf2+ 28. Kh1 Qe3 29. Rc8 Rf8 30. Rxf8+ Kxf8 31. Qc8+ Ke7 32. Qc7+ Nd7 33. Bb5
Qf2 34. Qxd7+ Kf6 35. Kh2 h5 36. Qd3 Be3 37. a5 h4 38. a6 Kg5 39. a7 Bxa7 40.
Qf3 Qe1 41. Qxf7 Bf2 42. Qxg7+ 1-0

[Event "Open Bjelovar"]
[Site "Bjelovar"]
[Date "2018.08.04"]
[Round "5.6"]
[White "Novosel, Vladimir"]
[Black "Kovacevic, Veljko"]
[Result "0-1"]
[WhiteElo "1933"]
[BlackElo "2178"]
[PlyCount "138"]
[EventDate "2018.??.??"]
[WhiteClock "1:30:00"]
[BlackClock "1:30:00"]

1. e4 c5 2. Nf3 d6 3. Nc3 Nf6 4. d4 cxd4 5. Nxd4 a6 6. f3 e5 7. Nb3 Be6 8. Be3
Nbd7 9. Qd2 b5 10. a3 Nb6 11. Na5 Nc4 12. Nxc4 bxc4 13. Nd5 Bxd5 14. exd5 Qc7
15. Bg5 Be7 16. Bxf6 Bxf6 17. c3 O-O 18. g3 Rab8 19. Rb1 Rb3 20. Rc1 e4 21.
fxe4 Qe7 22. Qe2 Rfb8 23. Qf3 Rxb2 24. Bxc4 Qa7 25. Be2 Rb1 26. Rd1 Qc5 27. Kf1
Rxd1+ 28. Bxd1 Qxa3 29. c4 Qa2 30. Rg1 Rb1 31. Qd3 Rb2 32. Be2 Rd2 33. Qf3 Bd4
34. Rh1 g6 35. h4 h5 36. g4 hxg4 37. Qxg4 Rd1+ 38. Kg2 Rd2 39. Kf1 Qa1+ 40. Kg2
Qb2 41. Kf1 Qc1+ 42. Kg2 Qxc4 43. Kf1 Qc1+ 44. Kg2 Qc2 45. Kf1 Qc3 46. h5 Qe3
47. Rh2 Rc2 48. hxg6 Rc1+ 49. Bd1 Rxd1+ 50. Qxd1 Qg1+ 51. Ke2 Qxh2+ 52. Kd3 Be5
53. gxf7+ Kxf7 54. Qa4 Qg3+ 55. Ke2 Qg2+ 56. Ke3 Qg1+ 57. Ke2 Qa7 58. Qb3 a5
59. Qf3+ Ke7 60. Qf5 Qc5 61. Qh7+ Kd8 62. Qg8+ Kc7 63. Qh7+ Kb6 64. Qh4 Qc2+
65. Kf3 Qd3+ 66. Kg2 Qe2+ 67. Kg1 Bd4+ 68. Kh1 Qf1+ 69. Kh2 Be5+ 0-1